000 00946nam0a2200289 4500
001 RU\NLR\bibl\1734500
005 20250616080923.0
010 _a978-5-17-071279-3
_bАСТ
010 _a978-5-271-32315-7
_bАстрель
_97000
021 _aRU
_b2011-176
_913
035 _a(NLR Aleph) 001725439
090 _a1366250
_c1366250
100 _a20110210d2010 |||y0rusy50 ca
101 0 _arus
102 _aRU
105 _aa |||||||||
200 1 _aДревний
_iКатастрофа
_eфантастическая сага
_fСергей Тармашев
210 _aМосква
_cАСТ
_cАстрель
_d2010
215 _a382, [1] с.
_cпортр.
_d21
320 _aДр. работы авт.: с. 2
700 1 _aТармашев
_bС. С.
_gСергей Сергеевич
_4070
801 0 _aRU
_bNLR
_c20110210
_gRCR
801 1 _aRU
_bNLR
_c20110210
830 _aавт. по кн.
942 _cBOOK
980 _aNB